Statistiques concernant Paroles - Comme ils disent - Charles Aznavour

Cliquez ici pour prendre le quiz!

Statistiques générales

  • Ce quiz a été pris 746 fois
  • Le résultat moyen est 277 sur 349

Statistiques - réponses

Paroles% Correct
A
99%
a
99%
à
99%
je
99%
Je
99%
Ma
99%
ma
99%
un
99%
Un
99%
avec
98%
dans
98%
Dans
98%
se
98%
Comme
97%
comme
97%
disent
97%
ils
97%
maman
97%
très
97%
Très
97%
appartement
96%
De
96%
de
96%
Et
96%
et
96%
là,
96%
la
96%
Le
96%
le
96%
Me
96%
me
96%
suis
96%
J'habite
95%
Rue
95%
seul
95%
Une
95%
une
95%
Ca
94%
ça
94%
Pour
94%
pour
94%
J'ai
93%
nu
93%
qui
92%
Qui
92%
vieil
92%
en
91%
homme, oh
91%
ce
90%
chatte
90%
Les
90%
les
90%
ne
90%
que
90%
Que
90%
Au
89%
compagnie
89%
pas
89%
peu
89%
tenir
89%
fais
88%
nuit
88%
c'est
87%
cuisine
87%
fait
87%
intégral
87%
mais
87%
Mais
87%
Mon
87%
mon
87%
artiste
86%
finit
86%
numéro
86%
spécial
86%
deux
85%
machine
85%
n'a
84%
peur
84%
tortue,
84%
canaris
83%
des
83%
souvent,
83%
styliste
83%
aussi
82%
marché
82%
travail
82%
vois
82%
vrai
82%
laisser
81%
on
81%
On
81%
pique
81%
reposer
81%
Après
80%
décorateur
80%
leur
80%
leurs
80%
métier
80%
travesti
80%
yeux
80%
l'occasion,
79%
salle
78%
strip-tease
78%
tous
78%
croient
77%
n'en
77%
lave,
76%
l'exerce
76%
s'en
75%
j'essuie
74%
bar
73%
Sarasate
72%
Si
72%
si
72%
va
72%
coeur
71%
sans
71%
joie
70%
donne
69%
gens
69%
mes
69%
sexes
69%
copains,
68%
du
68%
entre
67%
humour
67%
mâles
67%
femmes
65%
tabac
65%
vérité
65%
nez
64%
qu'on
64%
range,
64%
son
64%
Sur
64%
beau
63%
matin,
63%
quelconque
63%
complexes
62%
est
62%
nous
62%
plus
62%
Car
61%
dieu
61%
lapide
61%
lit
61%
heures
60%
manger
60%
mémoire
60%
mis
60%
pauvre
60%
temps
60%
trois
60%
Vers
60%
bien
59%
être
59%
feu
59%
Lui
59%
Passe
59%
qu'ils
59%
vérités
59%
calembours
58%
clair
58%
d'acide
58%
garçon
58%
jamais
58%
joue
58%
58%
parle
58%
rien
58%
droit
57%
faire
57%
juger
57%
nature
57%
pense
57%
ridicule
57%
secret
57%
tablée
57%
ténors
57%
amours
56%
divas,
56%
doux
56%
fous
56%
ondulent
56%
bêtise
55%
déballe
55%
épater
55%
fort,
55%
gesticule
55%
jour
55%
Marchent
55%
Moi,
55%
Mouillés
55%
pauvres
55%
seule
55%
avouer
54%
dors
54%
n'osera
54%
blâmer,
53%
bouche
53%
couche
53%
couvrent,
53%
Nul
53%
responsable
53%
tendre
53%
attardés
52%
tourments
52%
clown
51%
drame
51%
l'objet
51%
malheureux
51%
solitude
51%
lot
50%
puisque
50%
quolibets
50%
Enrobé
49%
l'heure
49%
rencontre
49%
dérisoires
48%
lassitude
48%
nouveau
48%
précise
48%
rentre
48%
laissent
47%
retrouver
47%
Singeant
47%
froid,
46%
cheveux
45%
cils
45%
J'ôte
44%
naît
44%
lazzis,
42%

Distribution des résultats

Percentile par nombre de réponses

% des personnes avec chaque résultat

Votre développement - résultats

Vous n’avez pas pris ce quiz